[Event "Online Olym Top DivB 2021"]
[Site "chess.com INT"]
[Date "2021.09.10"]
[Round "8.3"]
[Board "1"]
[White "Mamedyarov, Shakhriyar"]
[Black "Adly, Ahmed"]
[Result "0-1"]
[WhiteTitle "GM"]
[BlackTitle "GM"]
[WhiteElo "2762"]
[BlackElo "2619"]
[WhiteTeam "Azerbaijan"]
[BlackTeam "Egypt"]
[WhiteFideId "13401319"]
[BlackFideId "10601619"]
[EventDate "2021.09.08"]
[EventType "team"]

1. d4 Nf6 2. c4 e6 3. Nc3 Bb4 4. f3 c5 5. d5 O-O 6. e4 d6 7. Ne2 b5 8. Nf4 e5 9.
Ne2 bxc4 10. Ng3 Ne8 11. Bxc4 Qh4 12. Be3 f5 13. Bf2 f4 14. Ne2 Qg5 15. Kf1 Nd7
16. a3 Ba5 17. Bb5 Rb8 18. b4 cxb4 19. axb4 Bb6 20. Bxb6 Nxb6 21. Rxa7 Nf6 22.
Qd3 Qh4 23. Nd1 Nxe4 24. fxe4 f3 25. gxf3 Bh3+ 26. Kg1 Qe1# 0-1

[Event "Online Olym Top DivB 2021"]
[Site "chess.com INT"]
[Date "2021.09.10"]
[Round "8.3"]
[Board "2"]
[White "Fawzy, Adham"]
[Black "Guseinov, Gadir"]
[Result "0-1"]
[WhiteTitle "GM"]
[BlackTitle "GM"]
[WhiteElo "2488"]
[BlackElo "2665"]
[WhiteTeam "Egypt"]
[BlackTeam "Azerbaijan"]
[WhiteFideId "10613129"]
[BlackFideId "13401378"]
[EventDate "2021.09.08"]
[EventType "team"]

1. e4 c5 2. c4 Nc6 3. Nc3 e6 4. g3 Nf6 5. Bg2 d5 6. cxd5 exd5 7. exd5 Nb4 8. d3
Be7 9. Nge2 Nfxd5 10. Nxd5 Nxd5 11. O-O O-O 12. d4 cxd4 13. Nxd4 Bf6 14. Qb3 Nb6
15. Be3 Bxd4 16. Rad1 Be6 17. Qb4 Nd5 18. Qxd4 Nxe3 19. Qxe3 Qa5 20. a3 Qb5 21.
Rd2 a5 22. Rc1 Rac8 23. Rdc2 Rxc2 24. Rxc2 Rd8 25. h4 g6 26. Kh2 h5 27. Rc7 Qxb2
28. Rxb7 Qd4 29. Rb8 Kh7 30. Rxd8 Qxd8 31. Bh3 Ba2 32. f4 Qc7 33. Qd2 Bb1 34. f5
gxf5 35. Qg5 Qc2+ 36. Bg2 Qe2 37. Qf6 Qe6 38. Qg5 Qg6 39. Qe3 Be4 40. Bf1 Qf6
41. Be2 Qa1 42. Bf3 Qb1 43. Qe2 Bxf3 44. Qxf3 Qc2+ 45. Kg1 Kg6 46. Qe3 Qd1+ 47.
Kh2 Qd8 48. Kg1 f6 49. Kh2 a4 50. Qf4 Qe8 51. Qc4 Kh6 52. Qf4+ Kg6 53. Qc4 Kg7
54. Qc7+ Qf7 55. Qd6 Kg6 56. Kg1 Qb3 57. Kh2 Qb2+ 58. Kg1 Qe5 59. Qd3 Qe1+ 60.
Kh2 Qf2+ 61. Kh1 Kh6 62. Qd8 Qf3+ 63. Kh2 Qe2+ 64. Kh1 Qe6 65. Qd2+ Kg6 66. Qd8
f4 67. gxf4 Qh3+ 68. Kg1 Qg3+ 69. Kf1 Qxf4+ 70. Ke2 Qxh4 71. Qg8+ Kh6 72. Qh8+
Kg5 73. Qg8+ Kf4 74. Qb8+ Kg4 75. Qc8+ Kg3 76. Qc3+ Kh2 77. Qc7+ Qg3 78. Qf7
Qe5+ 79. Kf2 h4 80. Qa2 Qf4+ 81. Ke1+ Kg1 82. Qe6 Qe5+ 0-1

[Event "Online Olym Top DivB 2021"]
[Site "chess.com INT"]
[Date "2021.09.10"]
[Round "8.3"]
[Board "3"]
[White "Mammadova, Gulnar"]
[Black "Wafa, Shahenda"]
[Result "1-0"]
[WhiteTitle "IM"]
[BlackTitle "WGM"]
[WhiteElo "2395"]
[BlackElo "2120"]
[WhiteTeam "Azerbaijan"]
[BlackTeam "Egypt"]
[WhiteFideId "13403508"]
[BlackFideId "10609962"]
[EventDate "2021.09.08"]
[EventType "team"]

1. e4 c5 2. Nf3 Nc6 3. Bb5 g6 4. c3 Nf6 5. Qe2 Bg7 6. O-O O-O 7. h3 a6 8. Ba4 b5
9. Bc2 e5 10. a4 b4 11. d4 cxd4 12. cxd4 exd4 13. Qc4 Bb7 14. Nxd4 Nxd4 15. Qxd4
a5 16. e5 Ne8 17. Be4 Bxe4 18. Qxe4 Nc7 19. Nd2 Re8 20. Nf3 d6 21. Rd1 Bxe5 22.
Nxe5 Rxe5 23. Qf3 Rc8 24. Bf4 Re6 25. Rd2 Ne8 26. g3 Qb6 27. Rad1 Qc6 28. Qxc6
Rxc6 29. Rd5 Rc5 30. Be3 Rc2 31. Rxa5 Rxb2 32. Ra8 Kf8 33. a5 b3 34. Bh6+ Ke7
35. Ra7+ Kf6 36. Be3 Ra2 37. Rb1 d5 38. Rxb3 Nd6 39. g4 g5 40. Rd3 Nc4 41. Bd4+
Kg6 42. Ra8 f6 43. a6 Rexa6 44. Rg8+ Kf7 45. Rh8 Kg7 46. Rd8 Rd6 47. Rc8 Ne5 48.
Rc7+ Kg6 49. Rb3 Re6 50. Rbb7 f5 51. Rg7+ Kh6 52. Rxh7+ Kg6 53. Rbg7+ Kf6 54.
Rh6+ Kxg7 55. Rxe6 fxg4 56. Rxe5 Kg6 57. hxg4 Ra4 58. Rxd5 Kf7 59. Kg2 Ke6 60.
Re5+ Kd6 61. Rxg5 Rxd4 62. Kg3 Ke6 63. Rf5 Ra4 64. f3 Ra8 65. Kh4 Rg8 66. Rb5
Kf6 67. f4 Rh8+ 68. Rh5 Ra8 69. Rh6+ Kg7 70. Rc6 Ra5 71. f5 Ra7 72. Kg5 Rb7 73.
Rh6 Rb5 74. Rh1 Ra5 75. Re1 Ra7 76. Re7+ 1-0

[Event "Online Olym Top DivB 2021"]
[Site "chess.com INT"]
[Date "2021.09.10"]
[Round "8.3"]
[Board "4"]
[White "Moaataz, Ayah"]
[Black "Fataliyeva, Ulviyya"]
[Result "1-0"]
[WhiteTitle "WIM"]
[BlackTitle "WGM"]
[WhiteElo "2032"]
[BlackElo "2277"]
[WhiteTeam "Egypt"]
[BlackTeam "Azerbaijan"]
[WhiteFideId "10615873"]
[BlackFideId "13403052"]
[EventDate "2021.09.08"]
[EventType "team"]

1. c4 e6 2. g3 d5 3. Bg2 Nf6 4. Nf3 dxc4 5. O-O a6 6. Qc2 Be7 7. Qxc4 b5 8. Qc2
Bb7 9. d3 O-O 10. a4 Nbd7 11. Nc3 b4 12. Ne4 Nxe4 13. dxe4 c5 14. Nd2 Ne5 15.
Nc4 Nxc4 16. Qxc4 a5 17. Qc2 Rc8 18. b3 Ba6 19. Rd1 Qc7 20. Bf4 e5 21. Be3 Qb8
22. Rd7 Rfe8 23. Bh3 Rc6 24. Rad1 h6 25. R7d5 Rd8 26. Qb2 Rcd6 27. Qxe5 Bxe2 28.
R1d2 Rxd5 29. Rxd5 Qxe5 30. Rxe5 Bf6 31. Rd5 Rxd5 32. exd5 c4 33. bxc4 Bxc4 34.
d6 Be6 35. Bf1 b3 36. Bd3 b2 37. Bb6 Bc3 38. Bb1 Bd7 39. Kf1 Bb5+ 40. axb5 a4
41. d7 Bf6 42. d8=Q+ Bxd8 43. Bxd8 1-0

[Event "Online Olym Top DivB 2021"]
[Site "chess.com INT"]
[Date "2021.09.10"]
[Round "8.3"]
[Board "5"]
[White "Asadli, Vugar"]
[Black "Wafa, Hamed"]
[Result "1-0"]
[WhiteTitle "GM"]
[WhiteElo "2578"]
[BlackElo "2024"]
[WhiteTeam "Azerbaijan"]
[BlackTeam "Egypt"]
[WhiteFideId "13405764"]
[BlackFideId "10628452"]
[EventDate "2021.09.08"]
[EventType "team"]

1. e4 e5 2. Nf3 Nc6 3. Bc4 Bc5 4. c3 Nf6 5. d4 exd4 6. e5 d5 7. Bb5 Ne4 8. cxd4
Bb4+ 9. Nbd2 O-O 10. O-O Bg4 11. Bxc6 bxc6 12. Qc2 c5 13. Nxe4 dxe4 14. Qxe4
Bxf3 15. Qxf3 cxd4 16. Bf4 Qd7 17. Rac1 Ba5 18. Rfd1 Bb6 19. Rd3 Rad8 20. Qg3
Kh8 21. h4 h5 22. b4 Qe6 23. a4 a5 24. bxa5 Bxa5 25. Qf3 Qg4 26. Qe4 f5 27. exf6
Rxf6 28. g3 Rdf8 29. f3 Rxf4 30. Qxf4 Qxf4 31. gxf4 Rxf4 32. Rc5 Bb6 33. Rxh5+
Kg8 34. Rb5 Rf6 35. Kf1 c5 36. a5 Ba7 37. Rb7 Ra6 38. Ra3 c4 39. Rc7 c3 40. Ke2
Re6+ 41. Kd1 Ra6 42. Kc2 Bb6 43. axb6 Rxa3 44. b7 Ra2+ 45. Kd3 Rd2+ 46. Ke4 1-0

[Event "Online Olym Top DivB 2021"]
[Site "chess.com INT"]
[Date "2021.09.10"]
[Round "8.3"]
[Board "6"]
[White "Adel, Sara"]
[Black "Beydullayeva, Govhar"]
[Result "0-1"]
[WhiteTitle "WFM"]
[BlackTitle "WIM"]
[WhiteElo "1741"]
[BlackElo "2304"]
[WhiteTeam "Egypt"]
[BlackTeam "Azerbaijan"]
[WhiteFideId "10616764"]
[BlackFideId "13413015"]
[EventDate "2021.09.08"]
[EventType "team"]

1. e4 c5 2. Nc3 Nc6 3. f4 g6 4. Nf3 Bg7 5. Bc4 e6 6. O-O Nge7 7. Qe1 O-O 8. d3
d5 9. Bb3 Na5 10. f5 Nxb3 11. axb3 exf5 12. Qh4 fxe4 13. dxe4 d4 14. Bh6 f6 15.
Bxg7 Kxg7 16. e5 Nf5 17. exf6+ Rxf6 18. Qg5 dxc3 19. Rad1 Qf8 20. g4 h6 21. Qf4
Nd4 22. Qe5 Bxg4 23. Nxd4 cxd4 24. Rxd4 Re8 25. Qc7+ Re7 26. Rxf6 Qxf6 27. Qxc3
Bf5 28. h4 Qe5 29. Rc4 Qxc3 30. Rxc3 g5 31. Rc5 Kf6 32. hxg5+ Kxg5 33. b4 h5 34.
Kf2 h4 35. b5 Rd7 36. b3 Rd2+ 37. Kg1 h3 38. Re5 h2+ 39. Kh1 Kf4 0-1

[Event "Online Olym Top DivB 2021"]
[Site "chess.com INT"]
[Date "2021.09.10"]
[Round "8.4"]
[Board "1"]
[White "Fedorov, Alexei"]
[Black "Skoberne, Jure"]
[Result "0-1"]
[WhiteTitle "GM"]
[BlackTitle "GM"]
[WhiteElo "2532"]
[BlackElo "2561"]
[WhiteTeam "Belarus"]
[BlackTeam "Slovenia"]
[WhiteFideId "13500465"]
[BlackFideId "14604299"]
[EventDate "2021.09.08"]
[EventType "team"]

1. e4 d6 2. g3 g6 3. Bg2 Bg7 4. f4 e5 5. Ne2 Nc6 6. c3 Nge7 7. O-O O-O 8. d3 f5
9. Nd2 Be6 10. exf5 gxf5 11. Nf3 Kh8 12. fxe5 dxe5 13. d4 Bc4 14. b3 Bxe2 15.
Qxe2 exd4 16. Ng5 Qd6 17. Bf4 Qg6 18. Ne6 dxc3 19. Nxf8 Rxf8 20. Bxc7 Rc8 21.
Bf4 Qf6 22. Rae1 Ng6 23. Bc1 Nd4 24. Qh5 Ne5 25. Bxb7 Rf8 26. Ba3 Rd8 27. Kh1
Qg6 28. Qxg6 hxg6 29. Bc1 Nd3 30. Bg5 Rb8 31. Re7 c2 32. Ba6 Nc5 33. Bc4 Ne4 34.
Bf4 Rd8 35. Bc7 Rc8 36. Rxg7 Kxg7 37. Be5+ Kh7 38. Bxd4 Rd8 39. Be3 Rd1 40. Kg2
Nd2 41. Bxd2 Rxd2+ 42. Be2 Rxe2+ 43. Kf3 Rxh2 44. Ke3 Kh6 45. b4 Kg5 46. a4 Kg4
47. b5 Kxg3 48. a5 f4+ 49. Kd3 Rh5 50. Kxc2 Rxb5 51. Rg1+ Kf2 52. Rxg6 Rxa5 0-1

[Event "Online Olym Top DivB 2021"]
[Site "chess.com INT"]
[Date "2021.09.10"]
[Round "8.4"]
[Board "3"]
[White "Tarasenka, Aliaksandra"]
[Black "Janzelj, Lara"]
[Result "0-1"]
[WhiteTitle "WFM"]
[BlackTitle "WIM"]
[WhiteElo "2124"]
[BlackElo "2186"]
[WhiteTeam "Belarus"]
[BlackTeam "Slovenia"]
[WhiteFideId "13514288"]
[BlackFideId "14608391"]
[EventDate "2021.09.08"]
[EventType "team"]

1. d4 d5 2. c4 dxc4 3. Nf3 Nf6 4. e3 b5 5. a4 b4 6. Bxc4 e6 7. O-O Be7 8. Nbd2
O-O 9. b3 Bb7 10. Bb2 c5 11. Qe2 Nbd7 12. Rfd1 Qc7 13. Rac1 Rfd8 14. e4 Qf4 15.
Bd3 cxd4 16. Bxd4 Rac8 17. Be3 Qb8 18. Bg5 Nc5 19. Bc2 e5 20. Nc4 Ba6 21. Nfd2
Ne6 22. Be3 Bc5 23. Bd3 Bxe3 24. fxe3 Nc5 25. Bc2 Rd7 26. Nf3 Rxd1+ 27. Rxd1
Nxa4 28. Ra1 Nc3 29. Qd3 Bxc4 30. bxc4 Rd8 31. Qf1 b3 32. Qe1 bxc2 33. Qxc3 Rd1+
34. Ne1 Rxa1 35. Qxa1 Qb1 36. Qa5 g6 0-1

[Event "Online Olym Top DivB 2021"]
[Site "chess.com INT"]
[Date "2021.09.10"]
[Round "8.4"]
[Board "4"]
[White "Vidic, Teja"]
[Black "Ilyuchyk, Yana"]
[Result "0-1"]
[WhiteTitle "WIM"]
[BlackTitle "WFM"]
[WhiteElo "2172"]
[BlackElo "2170"]
[WhiteTeam "Slovenia"]
[BlackTeam "Belarus"]
[WhiteFideId "14605511"]
[BlackFideId "13508407"]
[EventDate "2021.09.08"]
[EventType "team"]

1. e4 c5 2. Nf3 Nc6 3. Bb5 g6 4. Bxc6 dxc6 5. d3 Bg7 6. h3 Nf6 7. Nc3 Nd7 8. Be3
e5 9. Qd2 h6 10. O-O b6 11. Nh2 Nf8 12. f4 exf4 13. Bxf4 Ne6 14. Be3 Nd4 15.
Rae1 Be6 16. Kh1 Qc7 17. Nd1 Be5 18. Nf3 Nxf3 19. Rxf3 g5 20. a4 a5 21. b3 O-O-O
22. Ref1 Qe7 23. c3 g4 24. hxg4 Bxg4 25. Rf4 Bxf4 26. Rxf4 Bxd1 27. Qxd1 Rhg8
28. d4 f5 29. Qf1 cxd4 30. cxd4 Kb7 31. e5 Rg5 32. Rh4 Rg6 33. Qf4 Rdg8 34. Rh2
Qe6 35. Bg1 Qd5 36. Qf2 f4 37. e6 f3 38. gxf3 Qxf3+ 39. Rg2 Qxg2+ 40. Qxg2 Rxg2 0-1

[Event "Online Olym Top DivB 2021"]
[Site "chess.com INT"]
[Date "2021.09.10"]
[Round "8.4"]
[Board "5"]
[White "Lazavik, Denis"]
[Black "Subelj, Jan"]
[Result "1-0"]
[WhiteTitle "IM"]
[BlackTitle "IM"]
[WhiteElo "2440"]
[BlackElo "2415"]
[WhiteTeam "Belarus"]
[BlackTeam "Slovenia"]
[WhiteFideId "13515110"]
[BlackFideId "14618583"]
[EventDate "2021.09.08"]
[EventType "team"]

1. d4 d5 2. c4 e6 3. Nf3 Nf6 4. Nc3 h6 5. Bf4 Bd6 6. Bxd6 Qxd6 7. e3 O-O 8. Rc1
c6 9. Bd3 Nbd7 10. cxd5 exd5 11. O-O Re8 12. h3 Ne4 13. Qc2 f5 14. Rb1 a5 15. a3
b5 16. Ne2 g5 17. Rbc1 Bb7 18. Nh2 Qf6 19. f4 Nd6 20. Rf3 Re4 21. Bxe4 dxe4 22.
Rf2 Nc4 23. Nf1 Re8 24. b3 Nxa3 25. Qb2 b4 26. fxg5 Qxg5 27. Nfg3 Rf8 28. Rcf1
Qxe3 29. Kh2 Ba6 30. Rxf5 Bd3 31. Rxf8+ Nxf8 32. d5 cxd5 33. Qf6 Qc5 34. Qf7+
Kh8 35. Nf5 Ne6 36. Qf6+ Kh7 37. Qxh6+ Kg8 38. Qxe6+ Kh7 39. Qh6+ Kg8 40. Qg7# 1-0

[Event "Online Olym Top DivB 2021"]
[Site "chess.com INT"]
[Date "2021.09.10"]
[Round "8.4"]
[Board "6"]
[White "Urh, Zala"]
[Black "Zeliantsova, Kseniya"]
[Result "1-0"]
[WhiteTitle "WIM"]
[BlackTitle "WFM"]
[WhiteElo "2234"]
[BlackElo "2056"]
[WhiteTeam "Slovenia"]
[BlackTeam "Belarus"]
[WhiteFideId "14611481"]
[BlackFideId "13512617"]
[EventDate "2021.09.08"]
[EventType "team"]

1. d4 Nf6 2. c4 g6 3. g3 Bg7 4. Bg2 O-O 5. Nc3 d6 6. Nf3 Nbd7 7. O-O e5 8. e4
Re8 9. h3 exd4 10. Nxd4 Nc5 11. Re1 Bd7 12. Rb1 h6 13. b3 Qc8 14. Kh2 a5 15. Bb2
a4 16. f4 a3 17. Ba1 c6 18. b4 Ne6 19. Nc2 Qc7 20. Qd3 Nh5 21. Ne2 Rad8 22. Bxg7
Nhxg7 23. Qxa3 d5 24. exd5 cxd5 25. Bxd5 Bc6 26. Ne3 Kh8 27. Rbd1 Ra8 28. Qb2
Nf8 29. Nd4 Rad8 30. Nf3 Ne6 31. Ne5 Kg8 32. N3g4 Nh5 33. Nxh6+ Kh7 34. Nhxf7
Bxd5 35. cxd5 Neg7 36. Ng5+ Kg8 37. d6 Rxd6 38. Qb3+ Ne6 39. Nxe6 Rdxe6 40. Nf3
Qb6 41. Kg2 Kh8 42. Rxe6 Rxe6 43. Qc3+ Kg8 44. Qc8+ Kg7 45. Rd7+ Kf6 46. Qf8# 1-0

[Event "Online Olym Top DivB 2021"]
[Site "chess.com INT"]
[Date "2021.09.10"]
[Round "8.5"]
[Board "1"]
[White "Vidit, Santosh Gujrathi"]
[Black "Bologan, Victor"]
[Result "1-0"]
[WhiteTitle "GM"]
[BlackTitle "GM"]
[WhiteElo "2727"]
[BlackElo "2574"]
[WhiteTeam "India"]
[BlackTeam "Moldova"]
[WhiteFideId "5029465"]
[BlackFideId "13900048"]
[EventDate "2021.09.08"]
[EventType "team"]

1. d4 Nf6 2. c4 e6 3. Nf3 Nc6 4. g3 Bb4+ 5. Bd2 Qe7 6. Nc3 O-O 7. Bg2 d6 8. d5
Nd8 9. O-O Bxc3 10. Bxc3 Ne4 11. Qc2 Nxc3 12. Qxc3 b6 13. e4 e5 14. b4 c5 15.
bxc5 bxc5 16. Nd2 f5 17. f4 Nf7 18. Rae1 fxe4 19. Nxe4 Ba6 20. Bh3 Kh8 21. Be6
exf4 22. gxf4 Nh6 23. Kh1 Rad8 24. Re3 Bc8 25. Nxc5 dxc5 26. Bxc8 Qc7 27. Bh3
Rxf4 28. Rfe1 Ng8 29. Re8 Rf8 30. R8e5 Qf7 31. Rf5 Qc7 32. Qe5 Qxe5 33. Rexe5
Nf6 34. Re7 Rfe8 35. Rfe5 Kg8 36. Be6+ Kh8 37. Rxa7 Rb8 38. Rg5 g6 39. h4 Ne4
40. Rg2 Ra8 41. Rc7 Ra4 42. h5 g5 43. Bf5 Rxc4 44. Rxh7+ Kg8 45. Rc7 Kh8 46. h6
Nd6 47. Rh7+ Kg8 48. Rxg5+ Kf8 49. Be6 1-0

[Event "Online Olym Top DivB 2021"]
[Site "chess.com INT"]
[Date "2021.09.10"]
[Round "8.5"]
[Board "2"]
[White "Schitco, Ivan"]
[Black "Adhiban, Baskaran"]
[Result "1/2-1/2"]
[WhiteTitle "IM"]
[BlackTitle "GM"]
[WhiteElo "2473"]
[BlackElo "2672"]
[WhiteTeam "Moldova"]
[BlackTeam "India"]
[WhiteFideId "13905465"]
[BlackFideId "5018471"]
[EventDate "2021.09.08"]
[EventType "team"]

1. d4 Nf6 2. c4 g6 3. g3 Bg7 4. Bg2 O-O 5. Nc3 d6 6. Nf3 Nbd7 7. O-O e5 8. e4
exd4 9. Nxd4 Nc5 10. h3 Re8 11. Re1 Bd7 12. Qc2 Nfxe4 13. Nxe4 Bxd4 14. Bg5 f6
15. Qd2 fxg5 16. Qxd4 Nxe4 17. Bxe4 c6 18. g4 Be6 19. Rad1 Bf7 20. b3 Qa5 21.
Re3 Rad8 22. Qf6 Qe5 23. Qxe5 dxe5 24. Red3 Rd4 25. f3 Red8 26. Kf2 c5 27. Rxd4
Rxd4 28. Rxd4 exd4 29. Bxb7 Kg7 30. Kg3 Kf6 31. Be4 Ke5 32. Bd3 a5 33. Kf2 Kf4
34. a4 h5 35. Be4 Be8 36. Bd5 h4 37. Be4 Bd7 38. Bd5 d3 39. Be4 d2 40. Bc2 Bc6
41. Bd1 Bb7 42. Be2 Bc8 43. Bd1 Be6 44. Bc2 Bd7 45. Bd1 Bc6 46. Be2 Be8 47. Bd1
Bf7 48. Bc2 Be6 49. Bd1 Bc8 50. Bc2 Bb7 51. Bd1 Ba8 52. Be2 Bc6 53. Bd1 Bd7 54.
Bc2 Bc8 55. Bd1 Bd7 56. Bc2 1/2-1/2

[Event "Online Olym Top DivB 2021"]
[Site "chess.com INT"]
[Date "2021.09.10"]
[Round "8.5"]
[Board "3"]
[White "Tania, Sachdev"]
[Black "Gitu, Paula-Alexandra"]
[Result "1-0"]
[WhiteTitle "IM"]
[BlackTitle "WFM"]
[WhiteElo "2392"]
[BlackElo "2113"]
[WhiteTeam "India"]
[BlackTeam "Moldova"]
[WhiteFideId "5007844"]
[BlackFideId "13904620"]
[EventDate "2021.09.08"]
[EventType "team"]

1. d4 d6 2. c4 e5 3. Nf3 e4 4. Ng5 f5 5. g3 Nf6 6. Bg2 c6 7. Nc3 Be7 8. Nh3 Na6
9. O-O O-O 10. a3 Nc7 11. Bg5 Nh5 12. e3 g6 13. Bxe7 Qxe7 14. f3 d5 15. fxe4
fxe4 16. Rxf8+ Qxf8 17. cxd5 cxd5 18. Qb3 Nf6 19. Rf1 Qd6 20. Nf4 Kg7 21. Rc1 g5
22. Nfe2 b6 23. Qc2 Ba6 24. Nxe4 dxe4 25. Qxc7+ Qxc7 26. Rxc7+ Kg6 27. Nc3 Bd3
28. h3 h5 29. Re7 Kf5 30. Re5+ Kg6 31. Nxe4 Nxe4 32. Bxe4+ Bxe4 33. Rxe4 Rc8 34.
Re6+ Kf7 35. Rh6 Rc1+ 36. Kf2 Rc2+ 37. Kf3 Rxb2 38. Rh7+ Kg6 39. Rxa7 Rb3 40.
Rb7 Kf5 41. g4+ hxg4+ 42. hxg4+ Ke6 43. a4 Rb4 44. Rg7 Kf6 45. Rc7 Rxa4 46. Rc6+
Ke7 47. Rxb6 Ra5 48. Rc6 Rd5 49. Rc5 Ke6 50. Rxd5 Kxd5 51. Kf2 1-0

[Event "Online Olym Top DivB 2021"]
[Site "chess.com INT"]
[Date "2021.09.10"]
[Round "8.5"]
[Board "4"]
[White "Petricenco, Ana"]
[Black "Kulkarni, Bhakti"]
[Result "0-1"]
[BlackTitle "IM"]
[WhiteElo "1910"]
[BlackElo "2388"]
[WhiteTeam "Moldova"]
[BlackTeam "India"]
[WhiteFideId "13908596"]
[BlackFideId "5019516"]
[EventDate "2021.09.08"]
[EventType "team"]

1. e4 e5 2. Nf3 Nc6 3. Bc4 Nf6 4. d3 h6 5. c3 d6 6. Nbd2 g5 7. Nf1 Bg7 8. Ng3 a6
9. a3 Be6 10. Bb3 g4 11. Nd2 h5 12. Ne2 Qd7 13. Bc2 d5 14. exd5 Bxd5 15. Ne4
O-O-O 16. N2g3 h4 17. Nxf6 Bxf6 18. Ne4 Be7 19. c4 Bxe4 20. dxe4 Nd4 21. Be3 h3
22. g3 Nf3+ 23. Kf1 Qc6 24. Qe2 Bc5 25. Bc1 Rd6 26. b4 Bd4 27. Ra2 Rf6 28. Be3
Bxe3 29. Qxe3 Qxc4+ 0-1

[Event "Online Olym Top DivB 2021"]
[Site "chess.com INT"]
[Date "2021.09.10"]
[Round "8.5"]
[Board "5"]
[White "Praggnanandhaa, R"]
[Black "Lashkin, Jegor"]
[Result "1-0"]
[WhiteTitle "GM"]
[BlackTitle "FM"]
[WhiteElo "2617"]
[BlackElo "2386"]
[WhiteTeam "India"]
[BlackTeam "Moldova"]
[WhiteFideId "25059530"]
[BlackFideId "13907808"]
[EventDate "2021.09.08"]
[EventType "team"]

1. Nf3 d5 2. b3 Nf6 3. Bb2 e6 4. e3 Be7 5. c4 O-O 6. Nc3 b6 7. d4 Bb7 8. Bd3
Nbd7 9. O-O a6 10. Qe2 Ne4 11. Qc2 Ndf6 12. Rfd1 Bd6 13. Ne5 Nxc3 14. Qxc3 Qe7
15. Rac1 Ne4 16. Qc2 f6 17. Nf3 c5 18. dxc5 bxc5 19. cxd5 exd5 20. Bxe4 dxe4 21.
Nd2 Rfd8 22. Bc3 Bc7 23. Nc4 Rxd1+ 24. Rxd1 Rd8 25. Ba5 Bd5 26. Bxc7 Qxc7 27.
Nb2 Qc6 28. Na4 Rc8 29. Nc3 Bf7 30. Qxe4 Qxe4 31. Nxe4 Kf8 32. Rc1 c4 33. Nd6
Rd8 34. Nxc4 Bxc4 35. bxc4 Rd2 36. a3 Ra2 37. c5 Ke7 38. h4 Kd7 39. Rc3 Kc6 40.
g4 a5 41. Kg2 a4 42. Kf3 Rb2 43. Rc4 Rb7 44. Rxa4 Kxc5 45. Rd4 Re7 46. a4 Kc6
47. Kf4 Re5 48. g5 Ra5 49. gxf6 gxf6 50. Kg4 Re5 51. Rf4 h5+ 52. Kf3 f5 53. Rd4
Rc5 54. Kf4 Rc2 55. f3 Rf2 56. a5 Ra2 57. Kxf5 Rxa5+ 58. Kf4 1-0

[Event "Online Olym Top DivB 2021"]
[Site "chess.com INT"]
[Date "2021.09.10"]
[Round "8.5"]
[Board "6"]
[White "Mihailova, Alina"]
[Black "Savitha, Shri B"]
[Result "1/2-1/2"]
[BlackTitle "WIM"]
[WhiteElo "1884"]
[BlackElo "2281"]
[WhiteTeam "Moldova"]
[BlackTeam "India"]
[WhiteFideId "13907018"]
[BlackFideId "35061887"]
[EventDate "2021.09.08"]
[EventType "team"]

1. d4 Nf6 2. c4 g6 3. Nf3 Bg7 4. g3 O-O 5. Bg2 d6 6. O-O Nc6 7. Nc3 e5 8. e4
exd4 9. Nxd4 Nxd4 10. Qxd4 Re8 11. Qd1 a6 12. h3 Rb8 13. a4 Be6 14. Nd5 c6 15.
Nxf6+ Qxf6 16. Qc2 Qd4 17. Rd1 Qxc4 18. Qxc4 Bxc4 19. Ra3 Rbd8 20. b3 Be6 21. b4
Bc4 22. Bg5 Rd7 23. h4 d5 24. Bh3 Rd6 25. exd5 Rxd5 26. Rxd5 Re1+ 27. Kh2 Bxd5
28. Bg2 Bxg2 29. Kxg2 h6 30. Be3 Rd1 31. Rb3 Rd5 32. g4 Bf8 33. Kh3 f5 34. gxf5
Rxf5 35. Kg4 Rd5 36. f4 Kf7 37. Bf2 Kf6 38. Be1 h5+ 39. Kf3 Kf5 40. Re3 Bd6 41.
Re8 Rd3+ 42. Ke2 Rd5 43. Bd2 Kg4 44. Rg8 Kxh4 45. Rxg6 Kh3 46. Rg1 Be7 47. Be3
Bf6 48. Kf3 Kh2 49. Rg2+ Kh3 50. Rg1 Kh2 51. Rg2+ Kh3 52. Rg3+ Kh2 53. Rg2+ 1/2-1/2

[Event "Online Olym Top DivB 2021"]
[Site "chess.com INT"]
[Date "2021.09.10"]
[Round "9.1"]
[Board "1"]
[White "Bologan, Victor"]
[Black "Erdos, Viktor"]
[Result "1/2-1/2"]
[WhiteTitle "GM"]
[BlackTitle "GM"]
[WhiteElo "2574"]
[BlackElo "2622"]
[WhiteTeam "Moldova"]
[BlackTeam "Hungary"]
[WhiteFideId "13900048"]
[BlackFideId "719978"]
[EventDate "2021.09.08"]
[EventType "team"]

1. e4 e5 2. Nf3 Nc6 3. Bc4 Bc5 4. c3 Nf6 5. d3 a6 6. a4 O-O 7. O-O d6 8. a5 h6
9. Be3 Bxe3 10. fxe3 Ne7 11. Nbd2 Ng6 12. Qe1 c6 13. Nh4 Nxh4 14. Qxh4 d5 15.
exd5 cxd5 16. Bb3 Be6 17. e4 Re8 18. Rxf6 gxf6 19. exd5 Bxd5 20. Bxd5 Qxd5 21.
Ne4 Qxd3 22. Rf1 Qe3+ 23. Kh1 Re6 24. h3 f5 25. Nf6+ Kg7 26. Rxf5 Rd6 27. Kh2
Rad8 28. Rf3 Qg5 29. Rg3 Kxf6 30. Rxg5 hxg5 31. Qh6+ Kf5 32. Qh5 R8d7 33. h4 f6
34. Qf3+ Kg6 35. h5+ Kh6 36. g4 Rd1 37. Qf5 R7d2+ 38. Kg3 Rg1+ 39. Kh3 Rh1+ 40.
Kg3 Rg1+ 41. Kh3 Rh1+ 42. Kg3 Rg1+ 1/2-1/2

[Event "Online Olym Top DivB 2021"]
[Site "chess.com INT"]
[Date "2021.09.10"]
[Round "9.1"]
[Board "2"]
[White "Gledura, Benjamin"]
[Black "Schitco, Ivan"]
[Result "1/2-1/2"]
[WhiteTitle "GM"]
[BlackTitle "IM"]
[WhiteElo "2628"]
[BlackElo "2473"]
[WhiteTeam "Hungary"]
[BlackTeam "Moldova"]
[WhiteFideId "712779"]
[BlackFideId "13905465"]
[EventDate "2021.09.08"]
[EventType "team"]

1. Nf3 Nf6 2. g3 b6 3. Bg2 Bb7 4. O-O g6 5. c4 Bg7 6. d4 O-O 7. Nc3 Ne4 8. Nxe4
Bxe4 9. Be3 d6 10. Qd2 Nd7 11. Rac1 c5 12. Rfd1 Qc7 13. Bh3 cxd4 14. Bxd4 Nf6
15. b3 Rad8 16. Qb2 Rfe8 17. b4 Qb8 18. a4 e5 19. Bc3 Bc6 20. b5 Ba8 21. Qa3 Ne4
22. Bb4 f5 23. a5 Nc5 24. Bg2 f4 25. axb6 axb6 26. gxf4 exf4 27. Nd4 Bxg2 28.
Kxg2 Bxd4 29. Rxd4 Qb7+ 30. Qf3 Qxf3+ 31. Kxf3 Nb3 32. Rcd1 Nxd4+ 33. Rxd4 d5
34. cxd5 Re5 35. d6 g5 36. h4 h6 37. hxg5 hxg5 38. d7 Kf7 39. Bd6 Rxb5 40. Bc7
Ke7 41. Bxd8+ Kxd8 42. Rd6 Rb3+ 43. Kg4 Rb2 44. Kxg5 Rxe2 45. f3 b5 46. Kxf4 b4
47. Rb6 Rb2 48. Rb7 b3 49. Ke5 Ke7 50. f4 Rb1 51. f5 Re1+ 52. Kf4 Rf1+ 53. Ke4
Re1+ 54. Kf3 Rf1+ 55. Kg4 Rg1+ 56. Kh3 Rf1 57. d8=Q+ Kxd8 58. Kg4 Rb1 59. Kg5 b2
60. Kf6 Kc8 61. Rb3 Kd7 62. Rd3+ Kc6 63. Rd2 Kc5 64. Rf2 Kc4 65. Kf7 Kc3 66. f6
Ra1 67. Rxb2 Kxb2 68. Kg8 Rg1+ 69. Kh7 Rf1 70. Kg7 Rxf6 71. Kxf6 1/2-1/2